[Event "SC NT Nuernberg 4-SG Bubenr./Moehrendf."]
[Site "?"]
[Date "2014.11.16"]
[Round "3.5"]
[White "Kretschmer, Wolfgang"]
[Black "Loebel, Petra"]
[Result "0-1"]
[WhiteElo "1696"]
[BlackElo "1826"]
[PlyCount "108"]
[EventDate "2014.??.??"]
[WhiteTeam "SG Bubenr./Möhrendf. 1"]
[BlackTeam "SC NT Nürnberg 4"]

1. c4 e5 2. Nc3 Nc6 3. g3 d6 4. Bg2 Be6 5. d3 Qd7 6. e3 g6 7. Nge2 Bh3 8. O-O
h5 9. f4 h4 10. Rf2 hxg3 11. hxg3 Bxg2 12. Rxg2 Qh3 13. Kf2 Nf6 14. Qg1 Ng4+
15. Ke1 O-O-O 16. a3 Na5 17. b4 Nb3 18. Rb1 Nxc1 19. Rxc1 Nxe3 20. Rf2 Qh1 21.
Kd2 Qxg1 22. Rxg1 Ng4 23. Rfg2 Bg7 24. Ne4 d5 25. cxd5 Rxd5 26. N2c3 Rd7 27.
Nc5 Rdd8 28. N5e4 f5 29. Ng5 e4 30. Ncxe4 fxe4 31. Nxe4 Bd4 32. Re1 Rh2 33.
Rxh2 Nxh2 34. Re2 Ng4 35. Ng5 Bf6 36. Ne4 Rh8 37. Nxf6 Nxf6 38. Re6 Rf8 39. Re5
Kd7 40. Rg5 Rg8 41. Ke3 Ke7 42. Re5+ Kf7 43. Rc5 c6 44. b5 Re8+ 45. Kf3 Nd7 46.
Rg5 c5 47. Rd5 Re7 48. g4 b6 49. g5 Ke6 50. Ke4 Rf7 51. a4 Rxf4+ 52. Kxf4 Kxd5
53. Ke3 Ne5 54. Ke2 Kd4 0-1

[Event "SC NT Nuernberg 4-SG Bubenr./Moehrendf."]
[Site "?"]
[Date "2014.11.16"]
[Round "3.6"]
[White "Rabenstein, Christian"]
[Black "Lotter, Eduard"]
[Result "1/2-1/2"]
[WhiteElo "1727"]
[BlackElo "1792"]
[PlyCount "54"]
[EventDate "2014.??.??"]
[WhiteTeam "SC NT Nürnberg 4"]
[BlackTeam "SG Bubenr./Möhrendf. 1"]

1. c4 e6 2. Nf3 Nf6 3. g3 b6 4. Bg2 Bb7 5. O-O c5 6. Nc3 Be7 7. d3 O-O 8. e4 d6
9. h3 Nc6 10. Be3 d5 11. cxd5 exd5 12. Nxd5 Nxd5 13. exd5 Qxd5 14. Ng5 Qd7 15.
Qh5 Bxg5 16. Bxg5 Nd4 17. Bxb7 Qxb7 18. f4 Rfe8 19. Rf2 Re3 20. Raf1 Rae8 21.
Qg4 Re1 22. Bf6 Rxf1+ 23. Rxf1 g6 24. Be5 Qe7 25. Bxd4 cxd4 26. Qf3 Qe3+ 27.
Kg2 Qxf3+ 1/2-1/2

[Event "SC NT Nuernberg 4-SG Bubenr./Moehrendf."]
[Site "?"]
[Date "2014.11.16"]
[Round "3.8"]
[White "Faralisz, Patrick"]
[Black "Wiesent, Karl"]
[Result "1/2-1/2"]
[WhiteElo "1687"]
[BlackElo "1816"]
[PlyCount "102"]
[EventDate "2014.??.??"]
[WhiteTeam "SC NT Nürnberg 4"]
[BlackTeam "SG Bubenr./Möhrendf. 1"]

1. e4 e5 2. Nf3 Nc6 3. Nc3 Be7 4. d4 exd4 5. Nxd4 Bf6 6. Nxc6 Bxc3+ 7. bxc3
bxc6 8. Bd3 Ne7 9. O-O O-O 10. Bg5 f6 11. Bd2 Qe8 12. Re1 Qf7 13. Qf3 Ng6 14.
Qg3 d6 15. f4 a5 16. h4 f5 17. e5 d5 18. h5 Ne7 19. Be2 Be6 20. Kh2 Kh8 21. Qh3
Ng8 22. g4 fxg4 23. Bxg4 Bxg4 24. Qxg4 Nh6 25. Qh3 Nf5 26. Rg1 c5 27. Rae1 Ra6
28. Rg5 d4 29. c4 h6 30. Rg2 Qxc4 31. Rge2 Re6 32. Bxa5 d3 33. cxd3 Qxf4+ 34.
Kg1 Nd4 35. Re4 Qf2+ 36. Kh1 Qf3+ 37. Qxf3 Rxf3 38. R1e3 Rf5 39. Bxc7 Rxh5+ 40.
Kg2 Rg6+ 41. Rg3 Rxg3+ 42. Kxg3 Ne6 43. Bd6 Rh1 44. Rc4 Rd1 45. Bxc5 Rxd3+ 46.
Kg4 g6 47. Be7 Rd4+ 48. Rxd4 h5+ 49. Kh4 Nxd4 50. a4 Kg7 51. Bd6 Kf7 1/2-1/2

[Event "SC Forchheim 3-SC Heideck/Hilpoltstein "]
[Site "?"]
[Date "2014.11.16"]
[Round "3.1"]
[White "Fink, Martin"]
[Black "Wichmann, Adrian"]
[Result "1/2-1/2"]
[WhiteElo "1847"]
[BlackElo "1931"]
[PlyCount "31"]
[EventDate "2014.??.??"]
[WhiteTeam "SC Heideck/Hilpoltstein 1"]
[BlackTeam "SC Forchheim 3"]

1. e4 c5 2. Nf3 g6 3. d4 cxd4 4. Nxd4 Bg7 5. Nc3 Nc6 6. Be3 Nf6 7. Be2 O-O 8.
O-O d6 9. Qd2 Ng4 10. Nxc6 bxc6 11. Bg5 Rb8 12. h3 Nf6 13. Rab1 Re8 14. Bc4 Qa5
15. b4 Qc7 16. Rfd1 1/2-1/2

[Event "SC Forchheim 3-SC Heideck/Hilpoltstein "]
[Site "?"]
[Date "2014.11.16"]
[Round "3.2"]
[White "Balle, Alfred"]
[Black "Kirchner, Norbert"]
[Result "0-1"]
[WhiteElo "1851"]
[BlackElo "2013"]
[PlyCount "84"]
[EventDate "2014.??.??"]
[WhiteTeam "SC Forchheim 3"]
[BlackTeam "SC Heideck/Hilpoltstein 1"]

1. e4 e5 2. Nf3 Nc6 3. Bb5 a6 4. Ba4 Bc5 5. O-O d6 6. c3 b5 7. Bb3 Bg4 8. h3
Bxf3 9. Qxf3 Qf6 10. Qe2 Nge7 11. d3 O-O 12. Nd2 h6 13. Nf3 Rad8 14. Nh2 Kh8
15. Ng4 Qh4 16. Kh2 f5 17. g3 Qh5 18. exf5 Qxf5 19. f3 Qg6 20. Bc2 Nf5 21. Qd1
d5 22. Ne3 d4 23. Nxf5 Qxf5 24. Bd2 Rf6 25. Kg2 Rdf8 26. Qe2 b4 27. c4 Bd6 28.
Rae1 Nd8 29. Ba4 a5 30. f4 exf4 31. Bxf4 Re6 32. Qg4 Rxe1 33. Rxe1 Qxd3 34.
Bxd6 cxd6 35. Re2 Qxc4 36. Bc2 Qd5+ 37. Be4 Qf7 38. Bg6 Qf6 39. Qe4 d5 40. Qd3
Qf1+ 41. Kh2 Ne6 42. h4 Nc5 0-1

[Event "SC Forchheim 3-SC Heideck/Hilpoltstein "]
[Site "?"]
[Date "2014.11.16"]
[Round "3.3"]
[White "Wegmann, Wolfgang"]
[Black "Heinkelmann, Josef"]
[Result "0-1"]
[WhiteElo "1901"]
[BlackElo "1864"]
[PlyCount "122"]
[EventDate "2014.??.??"]
[WhiteTeam "SC Heideck/Hilpoltstein 1"]
[BlackTeam "SC Forchheim 3"]

1. c4 c5 2. Nc3 Nc6 3. g3 g6 4. Bg2 Bg7 5. d3 e5 6. e4 Nge7 7. Nge2 d6 8. O-O
O-O 9. Nd5 Be6 10. Be3 Qd7 11. Qd2 Bh3 12. a3 Bxg2 13. Kxg2 Nxd5 14. exd5 Nd4
15. Nxd4 cxd4 16. Bh6 b5 17. Bxg7 Kxg7 18. f4 bxc4 19. dxc4 Rac8 20. Rac1 f6
21. Rc2 Rc7 22. b3 Rb8 23. Rb2 Rcb7 24. Rfb1 Qc8 25. fxe5 fxe5 26. Qd3 Qf5 27.
Rd1 Qxd3 28. Rxd3 a5 29. Kf3 Rf7+ 30. Ke4 Rf1 31. Rdd2 Re1+ 32. Kd3 Re3+ 33.
Kc2 Rc3+ 34. Kd1 Rbxb3 35. Rxb3 Rxb3 36. Rc2 Kf6 37. c5 dxc5 38. Rxc5 Rxa3 39.
Rc7 e4 40. Rd7 h5 41. d6 Ke6 42. Re7+ Kxd6 43. Rxe4 Kd5 44. Rf4 Ra2 45. Rf6 a4
46. h4 a3 47. Ra6 Ke4 48. Kc1 Kd3 49. Kb1 Rb2+ 50. Ka1 Rb3 51. Ka2 Rc3 52. Rxg6
Kc2 53. g4 d3 54. gxh5 d2 55. h6 d1=Q 56. Rg2+ Kc1 57. Ka1 Rh3 58. h7 Qd4+ 59.
Ka2 Rxh4 60. h8=Q Rxh8 61. Rg1+ Qxg1 0-1

[Event "SC Forchheim 3-SC Heideck/Hilpoltstein "]
[Site "?"]
[Date "2014.11.16"]
[Round "3.4"]
[White "Radeck, Jochen"]
[Black "Korth, Manfred"]
[Result "0-1"]
[WhiteElo "1766"]
[BlackElo "1833"]
[PlyCount "124"]
[EventDate "2014.??.??"]
[WhiteTeam "SC Forchheim 3"]
[BlackTeam "SC Heideck/Hilpoltstein 1"]

1. Nf3 d6 2. d4 Bg4 3. c4 Nf6 4. Nc3 e6 5. h3 Bh5 6. e4 Be7 7. Be3 c6 8. Bd3
Nbd7 9. g4 Bg6 10. g5 Ng8 11. Qd2 Bh5 12. Be2 h6 13. h4 Nb6 14. b3 a5 15. a4 d5
16. cxd5 exd5 17. Ne5 Bxe2 18. Kxe2 dxe4 19. Nxe4 Nd5 20. Rag1 Bb4 21. Qd3 hxg5
22. Bxg5 f6 23. Nxf6+ Qxf6 24. Bxf6 Nf4+ 25. Ke3 Nxd3 26. Bxg7 Rh7 27. Kxd3
O-O-O 28. Nc4 Rh5 29. Be5 b5 30. Ne3 Rxe5 31. Rxg8 Rxe3+ 32. fxe3 Rxg8 33. Ke4
bxa4 34. bxa4 Kd7 35. Kf5 Rf8+ 36. Ke4 Ke6 37. h5 Rh8 38. Kd3 c5 39. dxc5 Bxc5
40. Kc4 Bb4 41. Kd4 Kf5 42. e4+ Ke6 43. h6 Rh7 44. Kd3 Kf6 45. Kc4 Kg6 46. e5
Rxh6 47. Rf1 Rh5 48. Kd4 Rf5 49. Rg1+ Kf7 50. Ke4 Rh5 51. Rf1+ Ke7 52. Kd4 Rh2
53. Kc4 Ke6 54. Kd4 Rd2+ 55. Ke4 Re2+ 56. Kd4 Rxe5 57. Rh1 Rf5 58. Rh4 Bd6 59.
Kc3 Rf3+ 60. Kb2 Rf4 61. Rh6+ Kd7 62. Rh7+ Kc6 0-1

[Event "SC Forchheim 3-SC Heideck/Hilpoltstein "]
[Site "?"]
[Date "2014.11.16"]
[Round "3.5"]
[White "Ruderer, Thomas"]
[Black "Gagel, Roland"]
[Result "0-1"]
[WhiteElo "1768"]
[BlackElo "1780"]
[PlyCount "64"]
[EventDate "2014.??.??"]
[WhiteTeam "SC Heideck/Hilpoltstein 1"]
[BlackTeam "SC Forchheim 3"]

1. e4 c5 2. Nc3 d6 3. g3 Nc6 4. Bg2 g6 5. d3 Bg7 6. Be3 e6 7. Qd2 Nd4 8. Nd1
Rb8 9. c3 Nc6 10. Ne2 h5 11. h3 b6 12. f4 Nge7 13. Nf2 d5 14. d4 cxd4 15. Bxd4
Nxd4 16. Nxd4 dxe4 17. Bxe4 Bb7 18. O-O-O e5 19. fxe5 Bh6 20. Qxh6 Rxh6 21.
Bxb7 Rxb7 22. Ne4 Qb8 23. Nd6+ Kf8 24. g4 hxg4 25. hxg4 Rxh1 26. Rxh1 Kg7 27.
Rf1 Nd5 28. Nc6 Qa8 29. Nxb7 Qxb7 30. Nd8 Qc8 31. Rxf7+ Kg8 32. Nb7 Qxg4 0-1

[Event "SC Forchheim 3-SC Heideck/Hilpoltstein "]
[Site "?"]
[Date "2014.11.16"]
[Round "3.6"]
[White "Schwab, Edgar"]
[Black "Strnad, Alfred"]
[Result "0-1"]
[WhiteElo "1786"]
[BlackElo "1869"]
[PlyCount "112"]
[EventDate "2014.??.??"]
[WhiteTeam "SC Forchheim 3"]
[BlackTeam "SC Heideck/Hilpoltstein 1"]

1. d4 Nf6 2. c4 g6 3. Nc3 d5 4. cxd5 Nxd5 5. e4 Nxc3 6. bxc3 Bg7 7. Bc4 c5 8.
Ne2 O-O 9. O-O Nc6 10. Be3 cxd4 11. cxd4 Na5 12. Rc1 Nxc4 13. Rxc4 b5 14. Rc5
Bd7 15. Qb1 Rc8 16. Rfc1 Rxc5 17. Rxc5 Qb8 18. Bf4 Qb6 19. Bc7 Qb7 20. Be5 Rc8
21. Rxc8+ Qxc8 22. Bxg7 Kxg7 23. Qb2 Qc7 24. a3 f6 25. Qc3 Qxc3 26. Nxc3 a5 27.
Kf1 b4 28. axb4 axb4 29. Nd1 g5 30. Ke2 Bc6 31. Kd3 Bb5+ 32. Kd2 Kg6 33. Ne3 e6
34. g4 h5 35. h3 h4 36. Kc2 Ba4+ 37. Kb2 Kf7 38. Kc1 Bc6 39. e5 f5 40. gxf5
exf5 41. d5 Bb5 42. e6+ Kf6 43. f3 Ke5 44. e7 f4 45. Ng4+ Kd6 46. Nf6 Kxe7 47.
Ne4 g4 48. fxg4 f3 49. Kd2 Bc4 50. d6+ Kd7 51. Ke3 Bd5 52. Nf6+ Kxd6 53. g5 Ke6
54. Nh5 Kf5 55. g6 b3 56. Nf4 b2 0-1

[Event "SC Forchheim 3-SC Heideck/Hilpoltstein "]
[Site "?"]
[Date "2014.11.16"]
[Round "3.7"]
[White "Ruderer, Maximilian"]
[Black "Gueldner, Udo"]
[Result "1/2-1/2"]
[WhiteElo "1728"]
[BlackElo "1802"]
[PlyCount "89"]
[EventDate "2014.??.??"]
[WhiteTeam "SC Heideck/Hilpoltstein 1"]
[BlackTeam "SC Forchheim 3"]

1. e4 d6 2. d4 Nf6 3. Bd3 g6 4. Bg5 Bg7 5. c3 O-O 6. Bxf6 Bxf6 7. Ne2 e5 8. d5
Nd7 9. O-O Bg7 10. Na3 Nc5 11. Rb1 Nxd3 12. Qxd3 f5 13. f3 Bd7 14. Nc2 Bh6 15.
Ng3 f4 16. Ne2 g5 17. g4 Bg7 18. Kf2 h5 19. h3 hxg4 20. hxg4 Kf7 21. Rh1 Rh8
22. Rxh8 Qxh8 23. Kg2 Qe8 24. Rh1 Qe7 25. Qd1 Rh8 26. Rxh8 Bxh8 27. Qh1 Bf6 28.
c4 Qf8 29. Nc3 a6 30. b4 Qh8 31. Qxh8 Bxh8 32. b5 Ke8 33. bxa6 bxa6 34. a4 c5
35. Na1 Kd8 36. Kf2 Kc7 37. Nb3 Kb6 38. Ke2 Bf6 39. Kd2 Bd8 40. Kc2 Kb7 41. Kb2
Bc7 42. Ka3 Bd8 43. Nd1 Bc7 44. Nf2 Bd8 45. Nd3 1/2-1/2

[Event "SC Forchheim 3-SC Heideck/Hilpoltstein "]
[Site "?"]
[Date "2014.11.16"]
[Round "3.8"]
[White "Osthof, Rudolf"]
[Black "Oberhofer, Marc"]
[Result "1-0"]
[WhiteElo "1634"]
[BlackElo "1731"]
[PlyCount "55"]
[EventDate "2014.??.??"]
[WhiteTeam "SC Forchheim 3"]
[BlackTeam "SC Heideck/Hilpoltstein 1"]

1. Nf3 c5 2. b3 d5 3. d4 cxd4 4. Bb2 Nc6 5. Nxd4 e6 6. e3 Nf6 7. Nd2 Bd6 8.
N2f3 a6 9. Nxc6 bxc6 10. Bd3 a5 11. O-O O-O 12. Ne5 Qc7 13. f4 Nd7 14. Nxd7
Qxd7 15. Bxh7+ Kxh7 16. Qh5+ Kg8 17. Bxg7 f5 18. Qh8+ Kf7 19. Bxf8 Bxf8 20. Rf3
Bg7 21. Qh5+ Kf8 22. Raf1 Ba6 23. R1f2 d4 24. Rd2 Qa7 25. exd4 Bxd4+ 26. Kh1
Bg7 27. c4 Qb6 28. Rd7 1-0

[Event "SG Bubenr./Moehrendf. 1-SC Heideck/Hilp"]
[Site "?"]
[Date "2014.12.14"]
[Round "4.1"]
[White "Fink, Martin"]
[Black "Handl, Johannes"]
[Result "1/2-1/2"]
[WhiteElo "1847"]
[BlackElo "1882"]
[PlyCount "45"]
[EventDate "2014.??.??"]
[WhiteTeam "SC Heideck/Hilpoltstein 1"]
[BlackTeam "SG Bubenr./Möhrendf. 1"]

1. d4 d5 2. Nf3 Nf6 3. g3 g6 4. Bg2 Bg7 5. O-O O-O 6. c4 c6 7. cxd5 cxd5 8. Nc3
Nc6 9. Ne5 Be6 10. Qa4 Nxe5 11. dxe5 Ng4 12. Rd1 Qb6 13. Rd4 Nxf2 14. Kxf2 f6
15. Nxd5 fxe5+ 16. Ke1 Bxd5 17. Bxd5+ e6 18. Bxe6+ Kh8 19. Rd7 Qxe6 20. Be3 Qh3
21. Rad1 Rad8 22. R1d3 Rc8 23. Kd2 1/2-1/2

[Event "SG Bubenr./Moehrendf. 1-SC Heideck/Hilp"]
[Site "?"]
[Date "2014.12.14"]
[Round "4.2"]
[White "Kramer, Manuel"]
[Black "Kirchner, Norbert"]
[Result "0-1"]
[WhiteElo "1861"]
[BlackElo "2013"]
[PlyCount "104"]
[EventDate "2014.??.??"]
[WhiteTeam "SG Bubenr./Möhrendf. 1"]
[BlackTeam "SC Heideck/Hilpoltstein 1"]

1. d4 d5 2. Nf3 Nf6 3. c4 c6 4. e3 Bg4 5. Nbd2 Nbd7 6. Qc2 e6 7. Bd3 Bb4 8. O-O
O-O 9. a3 Ba5 10. Ne5 Bh5 11. b4 Bc7 12. f4 dxc4 13. Ndxc4 Nb6 14. Na5 Rb8 15.
Naxc6 bxc6 16. Nxc6 Qd6 17. e4 Rbc8 18. e5 Qd7 19. exf6 Bd8 20. Bxh7+ Kh8 21.
fxg7+ Kxg7 22. Be4 f5 23. Bb2 fxe4 24. Qxe4 Bf6 25. Ne5 Qd5 26. Qe3 Bxe5 27.
fxe5 Bg6 28. Qg3 Na4 29. Rxf8 Rxf8 30. Rc1 Rf7 31. Ba1 Qe4 32. h4 Qd3 33. Qxd3
Bxd3 34. d5 Nb6 35. d6 Bb5 36. Bd4 Nd5 37. Rc5 a6 38. Rc2 Kg6 39. Kh2 Kh5 40.
g3 Kg4 41. Rc8 Kf3 42. Rc2 Ke4 43. Bb2 Ne3 44. Rc7 Rf2+ 45. Kg1 Rg2+ 46. Kh1
Rxb2 47. h5 Kxe5 48. h6 Rb1+ 49. Kh2 Ng4+ 50. Kg2 Nxh6 51. d7 Rd1 52. Rc5+ Kf6
0-1

[Event "SG Bubenr./Moehrendf. 1-SC Heideck/Hilp"]
[Site "?"]
[Date "2014.12.14"]
[Round "4.3"]
[White "Wegmann, Wolfgang"]
[Black "Loellmann, Heinrich"]
[Result "1-0"]
[WhiteElo "1901"]
[BlackElo "1820"]
[PlyCount "111"]
[EventDate "2014.??.??"]
[WhiteTeam "SC Heideck/Hilpoltstein 1"]
[BlackTeam "SG Bubenr./Möhrendf. 1"]

1. c4 e6 2. g3 d5 3. Bg2 Nf6 4. Nf3 Be7 5. O-O O-O 6. Qc2 c6 7. b3 b6 8. Bb2
Bb7 9. d3 c5 10. e3 Nbd7 11. Nbd2 Qc7 12. d4 dxc4 13. Qxc4 Rac8 14. Rfc1 Qb8
15. Qe2 cxd4 16. Nxd4 Bxg2 17. Kxg2 Qb7+ 18. f3 Rxc1 19. Rxc1 Rc8 20. Rxc8+
Qxc8 21. Qc4 Qxc4 22. Nxc4 a5 23. Nc6 Bc5 24. Bd4 Bxd4 25. Nxd4 Nd5 26. e4 Nc7
27. f4 Kf8 28. Nc6 Nb5 29. a4 Nc7 30. Kf3 h5 31. h3 g6 32. N6e5 Nxe5+ 33. fxe5
Na8 34. Ke3 Ke7 35. Kd4 Kd7 36. g4 hxg4 37. hxg4 Ke7 38. g5 Kd7 39. Nd6 Ke7 40.
Kc4 Nc7 41. Nc8+ Kd7 42. Nd6 Ke7 43. b4 axb4 44. Kxb4 Na6+ 45. Kb5 Nc5 46. Nc8+
Ke8 47. Nxb6 Nxa4 48. Kxa4 Kd8 49. Kb5 Ke7 50. Kc6 Kd8 51. Nc4 Ke8 52. Kd6 Kd8
53. Na5 Ke8 54. Nb7 Kf8 55. Kd7 Kg7 56. Ke7 1-0

[Event "SG Bubenr./Moehrendf. 1-SC Heideck/Hilp"]
[Site "?"]
[Date "2014.12.14"]
[Round "4.4"]
[White "Welsch, Andreas"]
[Black "Korth, Manfred"]
[Result "1/2-1/2"]
[WhiteElo "1789"]
[BlackElo "1833"]
[PlyCount "83"]
[EventDate "2014.??.??"]
[WhiteTeam "SG Bubenr./Möhrendf. 1"]
[BlackTeam "SC Heideck/Hilpoltstein 1"]

1. e4 d6 2. d4 Nf6 3. Nc3 c6 4. Bd3 e5 5. Nge2 Be7 6. O-O O-O 7. h3 b5 8. a3 a6
9. Be3 c5 10. dxc5 dxc5 11. Ng3 Qc7 12. Nd5 Nxd5 13. exd5 f5 14. Bd2 c4 15. Be2
Nd7 16. Qc1 Nf6 17. b3 c3 18. Bg5 Nxd5 19. Bxe7 Qxe7 20. b4 Bb7 21. Re1 Rae8
22. Bf1 Qf6 23. Qb1 Kh8 24. Qb3 Qc6 25. Rad1 Nf4 26. Re3 Nd5 27. Red3 Rd8 28.
Kh2 g6 29. Ne2 e4 30. Rd4 Qc7+ 31. Kg1 Nb6 32. Rxd8 Rxd8 33. Rxd8+ Qxd8 34.
Qxc3+ Kg8 35. Nf4 Qd6 36. Qe3 Bd5 37. Qd2 Qc6 38. c3 Bf7 39. Qd8+ Kg7 40. Qd4+
Kg8 41. Qd8+ Kg7 42. Qd4+ 1/2-1/2

[Event "SG Bubenr./Moehrendf. 1-SC Heideck/Hilp"]
[Site "?"]
[Date "2014.12.14"]
[Round "4.5"]
[White "Ruderer, Thomas"]
[Black "Kretschmer, Wolfgang"]
[Result "1-0"]
[WhiteElo "1768"]
[BlackElo "1696"]
[PlyCount "103"]
[EventDate "2014.??.??"]
[WhiteTeam "SC Heideck/Hilpoltstein 1"]
[BlackTeam "SG Bubenr./Möhrendf. 1"]

1. e4 c5 2. Nc3 d6 3. g3 Nc6 4. Bg2 g6 5. d3 Bg7 6. Be3 Rb8 7. Qd2 b5 8. f4 b4
9. Nd1 e6 10. c3 a5 11. Ne2 Nge7 12. O-O f5 13. Nf2 O-O 14. e5 Nd5 15. d4 cxd4
16. cxd4 Nxe3 17. Qxe3 d5 18. Rac1 Qb6 19. Rfd1 Ba6 20. Bf1 Rfc8 21. Nd3 Bxd3
22. Qxd3 Ne7 23. Kg2 Rxc1 24. Rxc1 Rc8 25. Rxc8+ Nxc8 26. Nc1 Bf8 27. Qa6 Qxa6
28. Bxa6 Nb6 29. Nb3 a4 30. Nd2 Kf7 31. Kf2 Ke7 32. Ke2 h6 33. Nf3 Nc4 34. Bxc4
dxc4 35. Nd2 c3 36. bxc3 bxc3 37. Nc4 Kd8 38. Kd3 Kc7 39. Kxc3 Kc6 40. Ne3 Kb5
41. d5 Bb4+ 42. Kd3 Bc5 43. dxe6 Bxe3 44. Kxe3 Kc6 45. Kd4 Kc7 46. Kc5 Kd8 47.
Kb4 Ke7 48. Kxa4 g5 49. Kb5 Kxe6 50. Kc6 h5 51. a4 h4 52. a5 1-0

[Event "SG Bubenr./Moehrendf. 1-SC Heideck/Hilp"]
[Site "?"]
[Date "2014.12.14"]
[Round "4.6"]
[White "Lotter, Eduard"]
[Black "Strnad, Alfred"]
[Result "0-1"]
[WhiteElo "1792"]
[BlackElo "1869"]
[PlyCount "116"]
[EventDate "2014.??.??"]
[WhiteTeam "SG Bubenr./Möhrendf. 1"]
[BlackTeam "SC Heideck/Hilpoltstein 1"]

1. Nf3 Nf6 2. g3 g6 3. d3 Bg7 4. c4 O-O 5. Bg2 d6 6. O-O e5 7. Nc3 Nc6 8. Bg5
h6 9. Bd2 Be6 10. a3 a5 11. Rb1 Qd7 12. b4 axb4 13. axb4 Bh3 14. e4 Bg4 15. Qc1
Kh7 16. Nd5 Nxd5 17. exd5 Ne7 18. Re1 Ra2 19. Be3 Rfa8 20. Nd2 Nf5 21. Nb3 Nxe3
22. Qxe3 Qa4 23. h3 Bd7 24. c5 Qxb4 25. cxd6 cxd6 26. Qf3 Kg8 27. Re4 Qb6 28.
Nd2 Ra1 29. Reb4 Rxb1+ 30. Rxb1 Qa6 31. Ne4 Bf5 32. g4 Bc8 33. Qe3 b5 34. Qd2
f5 35. gxf5 gxf5 36. Ng3 Bd7 37. Qb4 Qa3 38. Qd2 Qa2 39. Rb2 Qa1+ 40. Kh2 Qa5
41. Rb4 Rc8 42. Nh5 Qd8 43. Nxg7 Kxg7 44. Qe3 f4 45. Qa7 Qc7 46. Qa1 Qc5 47.
Rxf4 Qc3 48. Qxc3 Rxc3 49. Rf3 b4 50. Rg3+ Kf7 51. Be4 b3 52. Rg1 b2 53. Rb1
Rc2 54. Kg3 Kf6 55. d4 Rc3+ 56. f3 Rb3 57. dxe5+ Kxe5 58. h4 Bf5 0-1

[Event "SG Bubenr./Moehrendf. 1-SC Heideck/Hilp"]
[Site "?"]
[Date "2014.12.14"]
[Round "4.7"]
[White "Ruderer, Maximilian"]
[Black "Mettal, Thomas"]
[Result "1/2-1/2"]
[WhiteElo "1728"]
[BlackElo "1667"]
[PlyCount "134"]
[EventDate "2014.??.??"]
[WhiteTeam "SC Heideck/Hilpoltstein 1"]
[BlackTeam "SG Bubenr./Möhrendf. 1"]

1. e4 e6 2. d4 d5 3. exd5 exd5 4. Bd3 Bd6 5. Nf3 Bg4 6. O-O Ne7 7. Bg5 O-O 8.
Nbd2 Nbc6 9. c3 Qd7 10. Re1 Rfe8 11. Qc2 Bf5 12. Nb3 f6 13. Bh4 b6 14. Re2 Bxd3
15. Qxd3 Nf5 16. Rae1 Rxe2 17. Qxe2 Kf7 18. Qb5 Bf4 19. Bg3 Nxg3 20. hxg3 Bh6
21. Kf1 Re8 22. Rxe8 Kxe8 23. Nh4 Ne7 24. Qd3 g6 25. Qe2 Kf7 26. g4 Qe6 27. g3
Qxe2+ 28. Kxe2 Ke6 29. f4 g5 30. Ng2 Kd6 31. Kf3 Kc6 32. Ne3 Kb5 33. Nf5 Nxf5
34. gxf5 gxf4 35. gxf4 Kc4 36. Ke3 a5 37. Nd2+ Kb5 38. Nb1 c5 39. Na3+ Ka4 40.
dxc5 bxc5 41. Nc2 Kb5 42. Na3+ Kc6 43. Nc2 a4 44. Kf3 Bf8 45. Ke3 Bd6 46. Ne1
c4 47. Nf3 a3 48. bxa3 Bxa3 49. Nd4+ Kb6 50. Ne2 Bc5+ 51. Kd2 h5 52. Ng3 h4 53.
Nh5 h3 54. Ke2 d4 55. cxd4 Bxd4 56. Ng3 Kb5 57. Kf3 h2 58. Kg2 Bg1 59. Ne4 Kb4
60. Nxf6 c3 61. Nd5+ Kc4 62. Nxc3 Kxc3 63. f6 Kc4 64. f7 Bc5 65. Kxh2 Kd5 66.
Kg3 Ke6 67. Kg4 Kxf7 1/2-1/2

[Event "SG Bubenr./Moehrendf. 1-SC Heideck/Hilp"]
[Site "?"]
[Date "2014.12.14"]
[Round "4.8"]
[White "Wiesent, Karl"]
[Black "Ruderer, Sebastian"]
[Result "1-0"]
[WhiteElo "1816"]
[BlackElo "1666"]
[PlyCount "103"]
[EventDate "2014.??.??"]
[WhiteTeam "SG Bubenr./Möhrendf. 1"]
[BlackTeam "SC Heideck/Hilpoltstein 1"]

1. b4 d5 2. Bb2 e6 3. Nf3 Nf6 4. a3 Be7 5. e3 b6 6. Be2 O-O 7. O-O Nbd7 8. Nc3
Bb7 9. Rc1 c5 10. bxc5 Nxc5 11. Nb1 Rc8 12. c4 dxc4 13. Bxc4 Nd3 14. Bxd3 Qxd3
15. Nc3 Bxf3 16. gxf3 Qg6+ 17. Kh1 Bd6 18. Rg1 Qh6 19. Rg2 Rfd8 20. Qg1 Nd7 21.
Ne4 Be5 22. d4 Bf6 23. Qd1 Be7 24. Rxc8 Rxc8 25. d5 e5 26. f4 f6 27. Qg4 Rd8
28. Qe6+ Kf8 29. d6 Bxd6 30. Qxd6+ Ke8 31. Qe6+ Kf8 32. a4 Nc5 33. Nxc5 Rd1+
34. Rg1 Rxg1+ 35. Kxg1 Qg6+ 36. Kf1 Qb1+ 37. Kg2 Qg6+ 38. Kf3 Qh5+ 39. Qg4
Qxg4+ 40. Kxg4 bxc5 41. Ba3 exf4 42. Kxf4 Kf7 43. Bxc5 a6 44. Ke4 Ke6 45. Kd4
g5 46. Ba7 Kf5 47. f3 g4 48. fxg4+ Kxg4 49. Bb8 h5 50. a5 h4 51. Kc5 Kf3 52.
Bf4 1-0

[Event "SC Forchheim 3-SV Lauf 1"]
[Site "?"]
[Date "2014.12.14"]
[Round "4.1"]
[White "Hanisch, Friedrich"]
[Black "Wichmann, Adrian"]
[Result "1/2-1/2"]
[WhiteElo "1987"]
[BlackElo "1931"]
[PlyCount "56"]
[EventDate "2014.??.??"]
[WhiteTeam "SV Lauf 1"]
[BlackTeam "SC Forchheim 3"]

1. d4 d5 2. c4 c6 3. e3 Nf6 4. Nf3 Bf5 5. cxd5 cxd5 6. Nc3 e6 7. Ne5 a6 8. g4
Bg6 9. h4 h6 10. Nxg6 fxg6 11. Bd3 Nc6 12. Bxg6+ Kd7 13. e4 Bb4 14. exd5 Nxd5
15. Bd2 Bxc3 16. bxc3 Qf6 17. Be4 Rhf8 18. Qe2 Rae8 19. g5 Qf7 20. O-O-O h5 21.
Qd3 Rc8 22. Bxd5 exd5 23. f4 Na5 24. Rde1 Nc4 25. Rhf1 g6 26. f5 gxf5 27. Rf4
Rc6 28. Kb1 b5 1/2-1/2

[Event "SC Forchheim 3-SV Lauf 1"]
[Site "?"]
[Date "2014.12.14"]
[Round "4.2"]
[White "Balle, Alfred"]
[Black "Leopold, Christian"]
[Result "0-1"]
[WhiteElo "1851"]
[BlackElo "1962"]
[PlyCount "78"]
[EventDate "2014.??.??"]
[WhiteTeam "SC Forchheim 3"]
[BlackTeam "SV Lauf 1"]

1. e4 c5 2. Nf3 d6 3. d4 cxd4 4. Nxd4 Nf6 5. Nc3 a6 6. Be2 e6 7. O-O Be7 8. Be3
O-O 9. f4 Nc6 10. Bf3 Qc7 11. Nce2 e5 12. Nxc6 Qxc6 13. Nc3 b5 14. Nd5 Nxd5 15.
exd5 Qc7 16. fxe5 Bf5 17. c3 Rae8 18. a4 dxe5 19. axb5 Bc5 20. Qd2 axb5 21. Qf2
Bxe3 22. Qxe3 Qd6 23. Be2 Bd7 24. Rfd1 Ra8 25. Rxa8 Rxa8 26. b4 Ra3 27. Qc5 Qb8
28. h3 e4 29. Qe7 Bxh3 30. d6 Rxc3 31. gxh3 f5 32. Qe6+ Kh8 33. Qxf5 Rg3+ 34.
Kf2 Rg6 35. Qxe4 Rf6+ 36. Kg2 h6 37. d7 Rf8 38. Bd3 g6 39. Qe5+ Qxe5 0-1

[Event "SC Forchheim 3-SV Lauf 1"]
[Site "?"]
[Date "2014.12.14"]
[Round "4.3"]
[White "Fiedler, Lars"]
[Black "Walter, Eugen"]
[Result "1-0"]
[WhiteElo "2057"]
[BlackElo "1792"]
[PlyCount "71"]
[EventDate "2014.??.??"]
[WhiteTeam "SV Lauf 1"]
[BlackTeam "SC Forchheim 3"]

1. e4 e5 2. Nf3 f5 3. Nxe5 Qf6 4. d4 d6 5. Nc4 fxe4 6. Nc3 Qg6 7. Bf4 Nf6 8.
Ne3 c6 9. d5 Nh5 10. Bg3 Nxg3 11. hxg3 Be7 12. Qh5 Qxh5 13. Rxh5 g6 14. Rh1 Bf6
15. Nxe4 O-O 16. O-O-O c5 17. Nxd6 Bd4 18. c3 Bxe3+ 19. fxe3 Bg4 20. Rd2 b6 21.
e4 Nd7 22. Bb5 Ne5 23. Nc4 Nxc4 24. Bxc4 Rfe8 25. Re1 Re5 26. d6+ Be6 27. Bxe6+
Rxe6 28. e5 Kf8 29. g4 Ke8 30. Rf2 Rd8 31. Kd2 Rd7 32. g5 Rg7 33. Kd3 Rd7 34.
Re4 b5 35. Ref4 Ree7 36. Rf8# 1-0

[Event "SC Forchheim 3-SV Lauf 1"]
[Site "?"]
[Date "2014.12.14"]
[Round "4.4"]
[White "Heinkelmann, Josef"]
[Black "Puschak, Oliver"]
[Result "0-1"]
[WhiteElo "1864"]
[BlackElo "1938"]
[PlyCount "88"]
[EventDate "2014.??.??"]
[WhiteTeam "SC Forchheim 3"]
[BlackTeam "SV Lauf 1"]

1. c4 e6 2. Nc3 b6 3. Nf3 f5 4. g3 Bb7 5. Bg2 Nf6 6. O-O Be7 7. b3 O-O 8. Bb2
Qe8 9. e3 Na6 10. d4 Ne4 11. Ne5 Nxc3 12. Bxc3 Bxg2 13. Kxg2 Bf6 14. Rc1 Rd8
15. Nd3 c5 16. dxc5 bxc5 17. Ba5 Rc8 18. Nf4 Nb8 19. Qd2 Be5 20. Rfd1 Rc6 21.
Bc3 Rd6 22. Qe2 Rxd1 23. Qxd1 Bxc3 24. Rxc3 Nc6 25. Rd3 Ne5 26. Rd2 g5 27. Nd3
Qa8+ 28. f3 d6 29. Nxe5 dxe5 30. Kg1 Kg7 31. Rd6 Re8 32. Rd7+ Kg6 33. Kf2 h5
34. Qd6 g4 35. fxg4 fxg4 36. Qd3+ Kf6 37. e4 Kg6 38. Kg1 Rf8 39. Rd6 Rf6 40.
Rd8 Qb7 41. Rg8+ Kh7 42. Qd8 Qf7 43. Rh8+ Kg7 44. Re8 Rf1+ 0-1